| 000 | 00352nam a2200145Ia 4500 | ||
|---|---|---|---|
| 003 | OSt | ||
| 005 | 20240321112733.0 | ||
| 008 | 170523s9999 xx 000 0 und d | ||
| 020 | _a978-8120303973 | ||
| 040 | _cIIMTU MEERUT | ||
| 100 | _a Murdick | ||
| 245 | 0 | _aINFORMATION SYSTEM FOR MODERN MANAGEMENT | |
| 260 | _bTATA MC GRAW HILL | ||
| 942 |
_2ddc _c02 |
||
| 999 |
_c1747 _d1747 |
||